000 00434nam a2200145 i 4500
001 184987
003 ES-MaACL
005 20230906222327.0
008 160303s1918 sp |||| | spa d
245 0 0 _aCómo llegó la guerra a América.
260 _a[S.l :
_bs.n.,
_c1918?] (
_fImp. Moderna, Bruch, 62)
300 _a16 p. ;
_c21 cm.
650 4 _aGuerra mundial, 1914-1918-
_zEstados Unidos.
_9158928
852 _aES-MaACL
_j1560-F-5
999 _c184987
_d184987